000
00440nam a2200133Ia 4500
003
LDD
008
190117s9999 xx 000 0 und d
020
_c
₹75
040
_c
LDD
041
_a
hi
100
_a
हरिमोहन
245
0
_a
राजभाषा हिन्दी में वैज्ञानिक साहित्य के अनुवाद की दिशाएँ
_c
हरिमोहन
942
_2
ddc
_c
H
999
_c
174950
_d
174950